000 00362 a2200157 4500
001 170001
020 _a
040 _cMagnum
100 _aSardella, Antonio
240 1 0 _aCurso completo de quimica - volume unico
_lpor
245 1 0 _aCurso completo de quimica - volume unico
362 0 _a1899
440 1 _aÁtica
697 _aPARADIDATICO
942 _cBK
999 _c170001
_d170001